00711nam a2200181 a 450000100100000000500170001000800410002704000250006808200160009310000260010924501010013526000350023630000280027150400730029959000260037295201140039899900170051200004800520201002060846.0181012s2004 dr r 000 0 spa d aDO-SdBNPbspacBNPHU axxxxbC183l1 aCamilo, Alexis97550910a"Liberados de la brujeria" :btestimonios de Jesucristo liberador /cAlexis Camilo, Elba Camilo. aSanto Domingo :bs.n. ,c2004. a143 p. :bil. ;c21 cm. aIncluye referencias bibliográficas y notas al pie de las páginas aInventariado, 2018/BT 0010718PDaPDbPDcHDd2018-10-12iLF1l0oxxxx C183lp48005-10r2020-06-25w2020-06-25yLFPDZNo se presta c47493d47493